000 00325nam a2200121Ia 4500
008 230627s9999 xx 000 0 und d
041 _amar
082 _a344.01
_bMIS
100 _aMisra, S.N.
245 _aIntroduction To Labour And Industrial Laws
250 _a21ed.
260 _aAllahabad
_bCentral Law Publications
_c2005
999 _c688167
_d688167